| 000 | 00598nam a2200193Ia 4500 | ||
|---|---|---|---|
| 003 | IN-BaIIA | ||
| 008 | 211028s9999 xx 000 0 eng d | ||
| 040 | _cIIA Library | ||
| 080 |
_a533 _bBRA |
||
| 100 |
_aBrandstatter, J. J. _94884 |
||
| 245 | 3 |
_aAn introduction to waves, rays and radiation in plasma media _cJ. J. Brandstatter |
|
| 260 |
_aNew York _bMcGraw-Hill _c1963 |
||
| 300 | _axiiv, 690p. | ||
| 650 | _aAstronomy and astrophysics thesaurus | ||
| 650 |
_aPlasma astrophysics _93786 |
||
| 650 |
_aPlasmas _91898 |
||
| 650 | _aWaves | ||
| 942 | _cBK | ||
| 999 |
_c2723 _d2723 |
||